00372nam a2200133 a 45000010010000000030011000100080041000210350026000620820014000881000023001022450043001252600052001686500018002200000-8886ELIB.Books110520 1980  a(ELIB.Books)0000-9034 a226 bCha aChantry, Walter J. aToday's Gospel Authentic or Synthetic? bHazell Watson: The Banner of Truth Trust c1980 aNew Testament